{"text_format":"3","workbook":"xlsx","n_sheets":1,"sheets":["广告物料"],"not_rendered":{"images":13},"read":"whole","date_system":"1900"}

{"sheet":"广告物料","index":0,"n_rows":29,"n_cols":10,"rows_kept":29,"merged":[[0,0,0,9],[2,0,3,0],[2,1,3,1],[2,9,3,9],[4,1,6,1],[7,1,9,1],[15,1,16,1],[17,1,19,1],[20,1,21,1],[24,0,24,4],[24,5,24,6],[24,7,24,8],[25,0,25,11]]}
["2026年花木维护部广告常规物料采购报价表"]
["序号","名称（材质）","规格","单位","数量","全费用单价限价（元）","全费用单价限价小计（元）","供应商所报单价（元）","合价（元）","备注"]
[1,"横幅","长5米，宽70cm","条",1000,60,{"$f":"E3*F3","v":60000},null,null,"不安装，送至泸州市区指定地点"]
[null,null,"长7米,宽70cm","条",500,84,{"$f":"E4*F4","v":42000}]
[2,"标示牌：5mmPVC板+裱车贴+宽度3cm不锈钢边框，立杆净空离地1m（20*40*1.2mm镀锌矩）、含背架","30*40cm","块",200,90,18000]
[3,null,"40*60cm","块",1000,110,110000]
[4,null,"60*80cm","块",500,130,65000]
[5,"标示牌：1cmPVC板+裱车贴+宽度3cm不锈钢边框，立杆净空离地1m（20*40*1.2mm镀锌矩）、含背架","30*40cm","块",300,90,27000]
[6,null,"40*60cm","块",1000,110,110000]
[7,null,"60*80cm","块",500,130,65000]
[8,"绿化作业牌：1*1.05m加厚不锈钢架子+不锈钢折边内容+反光条","1*1.05m","块",300,180,54000]
[9,"公告牌:PVC+木架","1.1*0.9m","m²",500,80,40000]
[10,"车辆限速牌：镀锌方管（25*25 厚度1.2）+彩钢板裱车贴","内容0.6*0.6m，总高1.2m","块",200,120,24000]
[11,"道路车辆左右变窄导向牌：镀锌方管（25*25 厚度1.2）+彩钢板裱车贴","内容1*0.5m，总高1.2m","块",100,100,10000]
[12,"左右变道警示牌：镀锌方管（25*25 厚度1.2）+彩钢板裱车贴","内容1*0.5m，总高1.2m","块",100,100,10000]
[13,"电力警示牌：PVC+立杆、","0.6*0.8m","块",100,55,5500]
[14,null,"0.3*0.5m","块",100,40,4000]
[15,"亚克力雕刻（含安装）","3mm ","cm",500,1.2,600]
[16,null,"5mm ","cm",500,2,1000]
[17,null,"1cm","cm",500,3,1500]
[18,"PVC雕刻（含安装）","1cm","cm",500,1,500]
[19,null,"2cm","cm",500,1.5,750]
[20,"车贴(实地测量+画面设计+制作安装)","黑胶车贴","m²",4000,28,112000]
[21,"口袋书","彩色、200铜版纸双面打印压痕（7*10cm)","张",3000,0.3,900]
["合价",{"$nulls":4},761750,{"$nulls":3}," (开票税率   %）"]
["备注：                                                                                                                                                                                                     1、以上报价均为全费用综合单价,需开具增值税专用发票并备注开票税率。                                                                                                                                             2、送至泸州市内指定地点及安装                                                                                                                                                                               3、本次采购材料送货金额达到500元以上需供应商配送到指定地点（泸州市江阳区、龙马潭区、纳溪区），500元（包含500元以内）由甲方自行取货                                                                                    4、付款方式：按季度实际供货量结算。  "]
[{"$nulls":7},"  报价单位（公章）："]
[{"$nulls":7},"  法人或委托代理人及电话："]
[{"$nulls":7},"  时间：      年    月    日"]